| 000 | 00499nam a22001937a 4500 | ||
|---|---|---|---|
| 003 | BUBTL | ||
| 008 | 191222b xxu||||| |||| 00| 0 eng d | ||
| 020 | _a9788131507872 | ||
| 082 | _a658.83 / Sh21m | ||
| 100 |
_aShao, Alan T. _92692 |
||
| 245 |
_aMarketing Research: a decision maker's tool : _bAlan T. Shao |
||
| 300 |
_a403 p. _bIlls.; _c27cm. |
||
| 500 | _aIncludes index | ||
| 521 |
_aBBA _bpurchase |
||
| 526 | _aBBA | ||
| 600 | _2Purchase | ||
| 856 |
_k0 _l0 _yDownload |
||
| 942 |
_2ddc _cBK |
||
| 999 |
_c6196 _d6196 |
||